000 00559nam a2200181Ia 4500
005 20260429112249.0
008 260429s9999||||xx |||||||||||||| ||und||
020 _a9788177144987
041 _aHindi
082 _a294.5092
_bRAJ
100 _aराजकिशोर
245 0 _aविवेकानंद विचार कोश /
_cराजकिशोर
250 _arev.
260 _aनई दिल्ली :
_bप्रकाशन संस्थान,
_c2024.
300 _a135 p.; Hb
650 _aHindi Literature
942 _cTB
999 _c53195
_d53195